<?xml version="1.0" encoding="UTF-8"?>
<record
    xmlns:xsi="http://www.w3.org/2001/XMLSchema-instance"
    xsi:schemaLocation="http://www.loc.gov/MARC21/slim http://www.loc.gov/standards/marcxml/schema/MARC21slim.xsd"
    xmlns="http://www.loc.gov/MARC21/slim">

  <leader>00673cam a22002291  4500</leader>
  <controlfield tag="001">sa 65001822 </controlfield>
  <controlfield tag="003">DLC</controlfield>
  <controlfield tag="005">20260227112112.0</controlfield>
  <controlfield tag="008">840628s1964    ii            000 0 hino </controlfield>
  <datafield tag="010" ind1=" " ind2=" ">
    <subfield code="a">sa 65001822 </subfield>
  </datafield>
  <datafield tag="025" ind1=" " ind2=" ">
    <subfield code="a">PL480:I-H-1822</subfield>
  </datafield>
  <datafield tag="035" ind1=" " ind2=" ">
    <subfield code="a">(OCoLC)21727570</subfield>
  </datafield>
  <datafield tag="040" ind1=" " ind2=" ">
    <subfield code="a">DLC</subfield>
    <subfield code="c">CU</subfield>
    <subfield code="d">DLC</subfield>
  </datafield>
  <datafield tag="042" ind1=" " ind2=" ">
    <subfield code="a">premarc</subfield>
  </datafield>
  <datafield tag="050" ind1="0" ind2="0">
    <subfield code="a">PK2098.P7</subfield>
    <subfield code="b">Z94</subfield>
  </datafield>
  <datafield tag="100" ind1="1" ind2=" ">
    <subfield code="a">Varm&#x101;, Satyak&#x101;ma</subfield>
  </datafield>
  <datafield tag="245" ind1="1" ind2="0">
    <subfield code="a">Mah&#x101;kavi Prasada.</subfield>
    <subfield code="b">Lekhaka Satyak&#x101;ma Varm&#x101;.</subfield>
  </datafield>
  <datafield tag="260" ind1=" " ind2=" ">
    <subfield code="a">Na&#x12B; Dill&#x12B;,</subfield>
    <subfield code="b">Bh&#x101;rat&#x12B;ya Prak&#x101;&#x15B;ana; [vitaraka: </subfield>
    <subfield code="b">S&#x101;hitya Pratish&#x1E6D;h&#x101;na,</subfield>
    <subfield code="a">&#x100;gar&#x101;,</subfield>
    <subfield code="c">1964]</subfield>
  </datafield>
  <datafield tag="300" ind1=" " ind2=" ">
    <subfield code="a">2, 136 p. </subfield>
    <subfield code="c">19 cm.</subfield>
  </datafield>
  <datafield tag="500" ind1=" " ind2=" ">
    <subfield code="a">In Hindi.</subfield>
  </datafield>
  <datafield tag="600" ind1="1" ind2="0">
    <subfield code="a">Prasad, Jai Shankar,</subfield>
    <subfield code="d">1889-1937.</subfield>
  </datafield>
  <datafield tag="999" ind1=" " ind2=" ">
    <subfield code="c">62257</subfield>
    <subfield code="d">62257</subfield>
  </datafield>
</record>
